000 01227nam2a22002411 4500
001 rc\2377026
005 20250623101333.0
035 _a(NLR Aleph) 006716447
090 _a5397529
_c5397529
100 _a20110829d1978 |||y0rusy50 ca
101 0 _arus
102 _aRU
105 _aa z |||||
200 0 _aЧ. 3
210 _d1978
_aБ. м.
215 _a139 с.
_cил.
320 _aБиблиогр.: с. 134-136
461 0 _1001rc\2377025
_12001#$aБезопасные методы труда на заводах железобетонных изделий$eРекомендации$e[В 3-х ч.]$fГос. проект. ин-т по орг. сел. стр-ва и оказанию техн. помощи "Гипрооргсельстрой"$vЧ. 3
_95397523
_cМосква
_d1978
_fГос. проект. ин-т по орг. сел. стр-ва и оказанию техн. помощи "Гипрооргсельстрой"
_nБ. и.
_oРекомендации : [В 3-х ч.]
_p20 с.
_tБезопасные методы труда на заводах железобетонных изделий
_vЧ. 3
801 0 _aRU
_bNLR
_gpsbo
801 1 _aRU
_bELAR
_2rusmarc
852 _aNLR
_j79-3/4607
942 _cBOOK
980 _aNB